Stochastic processes and models (Record no. 82970)

MARC details
000 -LEADER
fixed length control field 00871 a2200241 4500
003 - CONTROL NUMBER IDENTIFIER
control field CBULib
005 - DATE AND TIME OF LATEST TRANSACTION
control field 20231115071225.0
008 - FIXED-LENGTH DATA ELEMENTS--GENERAL INFORMATION
fixed length control field 231016b |||||||| |||| 00| 0 eng d
020 ## - INTERNATIONAL STANDARD BOOK NUMBER
International Standard Book Number 9780198568131
040 ## - CATALOGING SOURCE
Language of cataloging English
Transcribing agency CBULib
Description conventions rda
050 ## - LIBRARY OF CONGRESS CALL NUMBER
Classification number QA 274 Sti
100 1# - MAIN ENTRY--PERSONAL NAME
Personal name Stirzaker, David
9 (RLIN) 865
245 ## - TITLE STATEMENT
Title Stochastic processes and models
Statement of responsibility, etc / by David Stirzaker
260 ## - PUBLICATION, DISTRIBUTION, ETC. (IMPRINT)
Name of publisher, distributor, etc Oxford University Press,
Date of publication, distribution, etc 2005
Place of publication, distribution, etc Oxford :
300 ## - PHYSICAL DESCRIPTION
Extent vi, 331 pages : illustrations
336 ## - CONTENT TYPE
Source rdacontent
Content type term Text |
Content type code txt
337 ## - MEDIA TYPE
Source rdamedia
Media type term Unmediated |
Media type code n
338 ## - CARRIER TYPE
Source rdacarrier
Carrier type term Volume
Carrier type code nc
500 ## - GENERAL NOTE
General note An introduction to simple stochastic processes and models, this text includes numerous exercises, problems and solutions, as well as covering key concepts and tools.
650 #0 - SUBJECT ADDED ENTRY--TOPICAL TERM
9 (RLIN) 866
Topical term or geographic name as entry element STOCHASTIC PROCESSES
650 #0 - SUBJECT ADDED ENTRY--TOPICAL TERM
9 (RLIN) 867
Topical term or geographic name as entry element STOCHASTIC MODELS
942 ## - ADDED ENTRY ELEMENTS (KOHA)
Source of classification or shelving scheme
Koha item type MONOGRAPH
Holdings
Withdrawn status Lost status Source of classification or shelving scheme Damaged status Not for loan Collection code Permanent Location Current Location Shelving location Date acquired Source of acquisition Cost, normal purchase price Full call number Barcode Date last seen Copy number Price effective from Koha item type
          Main Library Open Access Collection CBU-MAIN LIBRARY, KITWE. CBU-MAIN LIBRARY, KITWE. General Stacks 10/16/2023 Book Aid International 230.00 QA 274 Sti 752288 10/16/2023 1 10/16/2023 MONOGRAPH